00970nam a2200253 a 450000100100000000500170001000800410002704000130006808200190008110000230010024500740012326000340019730000280023149000740025949000350033350000620036850400550043060000430048565000160052865000360054465000270058083000740060783000350068100001656520250924073801.0100308s1988 dr a 000 0 spa d aDO-SdBNP a378.194bA696g1 aArias L. Rafael E.10aGuía del estudiante de pedagogía de la UASD /cRafael E. Arias L. aSanto Domingo :bUASD,c1988. a142 P. :bil. ;c23 cm.1 aPublicaciones de la Universidad Autónoma de Santo Domingovvol. 6071 aCuadernos de Pedagogiasvno. 6 aIncluye datos biográficos del autor en la contraportada aIncluye referencias bibliográficas ( p. 141-142)14aUNIVERIDAD AUTÓNOMA DE SANTO DOMINGO 0aPedagogía 4aPlanes de estudio universitario 4aMetodos de enseñanza aPublicaciones de la Universidad Autónoma de Santo Domingovvol. 607 0aCuadernos de Pedagogiasnno. 6